000 00881nam a22002177a 4500
010 _aB-097654
020 _a8182230322
_c475.00
035 _aB-097654
037 _bCen Lib/Ref
040 _aDPL
_bEn
082 _a483.4
_bEDU
245 _aAdvanced practical 21st century dictionary : English into English & Urdu, with brief general knowledge :
_bincludes more than 1,00,000 words, phrases, idioms, usages, illustrations and sentences /
_cedited by Khwaja Ejaz Rasool
260 _aDelhi
_bEducational Publishing House
_c2005
270 _a3108, Vakil Street, Kucha Pandit Lal Kaun
_bDelhi
300 _a1600p
_c27cm(Hb)
650 _aEnglish language -- Dictionaries -- Urdu.
_9142390
650 _aEnglish language -- Dictionaries.
_933853
650 _aEnglish language.
_91922
700 _aKhwaja Ejaz Rasool
_9142391
942 _2ddc
_cEN
_h483.4
_mEDU
999 _c136348
_d136348